Canada/U.S. 2010 hockey teams Quiz Stats

 Plays Quiz not verified by Sporcle

Challenge
Share
Tweet
Embed
Score 0/46 Timer 06:00
0 Plays Today
Country/Position Player % Correct
U.S.A.Ryan Miller
97.7%
CanadaMartin Brodeur
95.4%
CanadaSidney Crosby
94.6%
CanadaRoberto Luongo
94%
U.S.A.Tim Thomas
93.4%
CanadaMarc-Andre Fleury
92%
CanadaJarome Iginla
89.5%
U.S.A.Patrick Kane
89.4%
CanadaJonathon Toews
89.3%
CanadaChris Pronger
89.1%
CanadaJoe Thornton
88.5%
CanadaRich Nash
88.4%
U.S.A.Jonathon Quick
86.9%
CanadaEric Staal
86.1%
CanadaDuncan Keith
83.9%
U.S.A.Zach Parise
83.1%
CanadaPatrick Marleau
82.9%
CanadaRyan Getzlaf
82.8%
CanadaShea Weber
82.5%
CanadaMike Richards
82.1%
CanadaBrent Seabrook
81.4%
U.S.A.Ryan Kesler
80.2%
CanadaScott Niedermayer
78.9%
Country/Position Player % Correct
CanadaCory Perry
78.7%
U.S.A.Erik Johnson
78.6%
U.S.A.Jack Johnson
78.5%
CanadaDrew Doughty
77.8%
CanadaDan Boyle
77.5%
U.S.A.Phil Kessel
74.9%
U.S.A.Brian Rafalski
74.5%
U.S.A.Bobby Ryan
73.8%
CanadaPatrice Bergeron
73.6%
CanadaBrendan Morrow
72.2%
CanadaDany Heatly
68.4%
U.S.A.Brooks Orpik
67.5%
U.S.A.Dustin Brown
67.2%
U.S.A.Ryan Suter
65.3%
U.S.A.Paul Stastny
65.2%
U.S.A.Chris Drury
62.5%
U.S.A.Joe Pavelski
61.5%
U.S.A.Jamie Langenbrunner
59.6%
U.S.A.Ryan Callahan
57%
U.S.A.David Backes
56.4%
U.S.A.Ryan Malone
54.3%
U.S.A.Ryan Whitney
43.9%
U.S.A.Tim Gleason
39.2%

You're not logged in!

Compare scores with friends on all Sporcle quizzes.
OR
Log In

You Might Also Like...

Show Comments

Extras

Top Quizzes Today


Score Distribution

Your Account Isn't Verified!

In order to create a playlist on Sporcle, you need to verify the email address you used during registration. Go to your Sporcle Settings to finish the process.

Report this User

Report this user for behavior that violates our Community Guidelines.

Details: